000 00684nam a2200241Ia 4500
003 OSt
005 20251117110754.0
008 210210b2008 xxu||||| |||| 00| 0 eng d
040 _cAL
041 _aKannada
082 _aK894.301 SHRO
100 _aSHRIDHARA BALAGARA
_dಶ್ರೀಧರ ಬಳಗಾರ
_9245857
245 _aOndu photoda negetive
_bಒಂದು ಫೋಟೋದ ನೆಗೆಟಿವ್
260 _aBengaluru
_bAnkita Prakashana
_c2008
300 _a200
650 _aphotoda
_9245858
650 _aOndu
_9245859
650 _anegetive
_9245860
650 _aKategalu
_9245861
690 _aKannada Fiction
_9245862
906 _a063179
942 _2ddc
_cBK
999 _c134671
_d134671